<?xml version="1.0" encoding="UTF-8"?>
<collection xmlns="http://www.loc.gov/MARC21/slim">
  <record>
    <leader>00000nam  2200000   4500</leader>
    <controlfield tag="001">INLIS000000000016338</controlfield>
    <controlfield tag="005">20231026020715</controlfield>
    <datafield tag="035" ind1="#" ind2="#">
      <subfield code="a">0010-1023000420</subfield>
    </datafield>
    <controlfield tag="007">ta</controlfield>
    <controlfield tag="008">231026################a##########0#eng##</controlfield>
    <datafield tag="020" ind1="#" ind2="#">
      <subfield code="a">978 812 431 693 7</subfield>
    </datafield>
    <datafield tag="082" ind1="#" ind2="#">
      <subfield code="a">421.55</subfield>
    </datafield>
    <datafield tag="084" ind1="#" ind2="#">
      <subfield code="a">421.55 PHO</subfield>
    </datafield>
    <datafield tag="245" ind1="#" ind2="#">
      <subfield code="a">Phonics : Book 2 The Consonants Sounds</subfield>
    </datafield>
    <datafield tag="260" ind1="#" ind2="#">
      <subfield code="b">Navneet Publications</subfield>
    </datafield>
    <datafield tag="300" ind1="#" ind2="#">
      <subfield code="a">52 halaman :</subfield>
      <subfield code="b">ilus ;</subfield>
      <subfield code="c">30 cm</subfield>
    </datafield>
    <datafield tag="650" ind1="#" ind2="4">
      <subfield code="a">Ejaan Bahasa Inggris, Pengucapan Bahasa Inggris</subfield>
    </datafield>
    <datafield tag="520" ind1="#" ind2="#">
      <subfield code="a">This series in Phonics comprises of book that is specially meant to teach your child, the various sounds of letters and relation to words and sentences to strengthem amd graps the language. Each book has following features : A variety of words to represent each sound taught ; A whole range of speaking , reading, recognizing and writing exercises ; Interactive exercises for the child to participate in ; Examples taken from the child’s world of experience ; Vocabulary suitable to age and milieu of the child ; Attractive illustrations and colourfull world of images. This book have 2 edition, Book 1 : The A to Z Sounds, and book 2 : The consonants sounds</subfield>
    </datafield>
    <datafield tag="990" ind1="#" ind2="#">
      <subfield code="a">231019847</subfield>
    </datafield>
  </record>
</collection>
